[Event "448. Wednesday (05.08.2020)"]
[Site "Official B"]
[Date "2020.08.05"]
[Round "6"]
[White "Ppngh"]
[Black "Königsinder"]
[Result "0-1"]
[WhiteElo "1782"]
[BlackElo "1670"]
[Annotator "NA"]
[PlyCount "74"]
[EventDate "2020.08.05"]
[EventType "swiss (blitz)"]
[BlackTeam "SF Barsinghausen"]

{- Serreck, Uwe (1889)} 1. e4 {[%emt 0:00:02]} g6 {[%emt 0:00:15]} 2. d4 {[%emt 0:00:03]} Bg7 {[%emt 0:00:02]} 3. f4 {[%emt 0:00:02]} c5 {[%emt 0:00:10]} 4. d5 {[%emt 0:00:05]} d6 {[%emt 0:00:03]} 5. c4 {[%emt 0:00:06]} Nf6 {[%emt 0:00:01]} 6. Nc3 {[%emt 0:00:03]} O-O {[%emt 0:00:00]} 7. Nf3 {[%emt 0:00:06]} e6 {[%emt 0:00:01]} 8. dxe6 {[%emt 0:00:05]} Bxe6 {[%emt 0:00:02]} 9. Bd3 {[%emt 0:00:05]} Re8 {[%emt 0:00:15]} 10. O-O {[%emt 0:00:03]} Bg4 {[%emt 0:00:02]} 11. h3 {[%emt 0:00:08]} Bxf3 {[%emt 0:00:03]} 12. Qxf3 {[%emt 0:00:02]} Nc6 {[%emt 0:00:02]} 13. Be3 {[%emt 0:00:05]} Nd7 {[%emt 0:00:04]} 14. Ne2 {[%emt 0:00:12]} Bxb2 {[%emt 0:00:27]} 15. Rab1 {[%emt 0:00:05]} Bg7 {[%emt 0:00:08]} 16. Rxb7 {[%emt 0:00:17]} Rb8 {[%emt 0:00:46]} 17. Rbb1 {[%emt 0:00:09]} Qh4 {[%emt 0:00:12]} 18. Qg4 {[%emt 0:00:21]} Qe7 {[%emt 0:00:13]} 19. Rb3 {[%emt 0:00:13]} f5 {[%emt 0:00:03]} 20. Qg5 {[%emt 0:00:37]} Qxg5 {[%emt 0:00:07]} 21. fxg5 {[%emt 0:00:04]} fxe4 {[%emt 0:00:04]} 22. Bb1 {[%emt 0:00:07]} Rxb3 {[%emt 0:00:02]} 23. axb3 {[%emt 0:00:02]} Nd4 {[%emt 0:00:04]} 24. Ng3 {[%emt 0:00:09]} Nxb3 {[%emt 0:00:17]} 25. Bxe4 {[%emt 0:00:03]} Nd4 {[%emt 0:00:15]} 26. Bd5+ {[%emt 0:00:03]} Kh8 {[%emt 0:00:06]} 27. Rf7 {[%emt 0:00:31]} Rxe3 {[%emt 0:00:05]} 28. Rxd7 {[%emt 0:00:03]} Re8 {[%emt 0:00:25]} 29. Ne4 {[%emt 0:00:05]} Ne2+ {[%emt 0:00:03]} 30. Kf2 {[%emt 0:00:03]} Nf4 {[%emt 0:00:01]} 31. Nf6 {[%emt 0:00:56]} Bxf6 {[%emt 0:00:05]} 32. gxf6 {[%emt 0:00:02]} Nxd5 {[%emt 0:00:02]} 33. cxd5 {[%emt 0:00:02]} Rf8 {[%emt 0:00:02]} 34. Rxd6 {[%emt 0:00:02]} a5 {[%emt 0:00:01]} 35. g4 {[%emt 0:00:01]} a4 {[%emt 0:00:01]} 36. g5 {[%emt 0:00:01]} a3 {[%emt 0:00:01]} 37. Ra6 {[%emt 0:00:01]} c4 {[%emt 0:00:02] Time (Lag: Av=0.57s, max=1.4s)} 0-1

[Event "448. Wednesday (05.08.2020)"]
[Site "Official B"]
[Date "2020.08.05"]
[Round "6"]
[White "Inter_slo"]
[Black "Tvtower68"]
[Result "0-1"]
[WhiteElo "1770"]
[BlackElo "1847"]
[Annotator "NA RC"]
[PlyCount "38"]
[EventDate "2020.08.05"]
[EventType "swiss (blitz)"]

1. e4 {[%emt 0:00:03]} Nf6 {[%emt 0:00:01]} 2. e5 {[%emt 0:00:01]} Nd5 {[%emt 0:00:01]} 3. c4 {[%emt 0:00:01]} Nb6 {[%emt 0:00:03]} 4. d4 {[%emt 0:00:01]} e6 {[%emt 0:00:01]} 5. f4 {[%emt 0:00:01]} d5 {[%emt 0:00:01]} 6. c5 {[%emt 0:00:02]} N6d7 {[%emt 0:00:01]} 7. Nf3 {[%emt 0:00:02]} b6 {[%emt 0:00:01]} 8. b4 {[%emt 0:00:01]} a5 {[%emt 0:00:01]} 9. Bd2 {[%emt 0:00:06]} axb4 {[%emt 0:00:01]} 10. Bxb4 {[%emt 0:00:03]} bxc5 {[%emt 0:00:01]} 11. dxc5 {[%emt 0:00:01]} Nxc5 {[%emt 0:00:01]} 12. Bb5+ {[%emt 0:00:05]} c6 {[%emt 0:00:03]} 13. Be2 {[%emt 0:00:02]} Nd3+ {[%emt 0:00:17]} 14. Qxd3 {[%emt 0:00:04]} Bxb4+ {[%emt 0:00:03]} 15. Nbd2 {[%emt 0:00:01]} Ba6 {[%emt 0:00:02]} 16. Qe3 {[%emt 0:00:08]} Qa5 {[%emt 0:00:06]} 17. O-O {[%emt 0:00:08]} Bc5 {[%emt 0:00:01]} 18. Nd4 {[%emt 0:00:01]} Bxe2 {[%emt 0:00:06]} 19. Qxe2 {[%emt 0:00:04]} Bxd4+ {[%emt 0:00:01] Inter_slo je predal(a) partijo (Lag: Av=0.43s, max=0.7s)} 0-1

[Event "448. Wednesday (05.08.2020)"]
[Site "Official B"]
[Date "2020.08.05"]
[Round "6"]
[White "Halligalli1601"]
[Black "Joroger"]
[Result "0-1"]
[WhiteElo "1767"]
[BlackElo "1827"]
[Annotator "NA RC"]
[PlyCount "34"]
[EventDate "2020.08.05"]
[EventType "swiss (blitz)"]

1. e4 {[%emt 0:00:06]} c5 {[%emt 0:00:01]} 2. Nf3 {[%emt 0:00:02]} d6 {[%emt 0:00:01]} 3. d4 {[%emt 0:00:01]} cxd4 {[%emt 0:00:01]} 4. Nxd4 {[%emt 0:00:01]} Nf6 {[%emt 0:00:00]} 5. Nc3 {[%emt 0:00:01]} g6 {[%emt 0:00:00]} 6. Be3 {[%emt 0:00:03]} Bg7 {[%emt 0:00:00]} 7. Bc4 {[%emt 0:00:04]} O-O {[%emt 0:00:01]} 8. f3 {[%emt 0:00:05]} Nc6 {[%emt 0:00:01]} 9. Qd2 {[%emt 0:00:01]} Qa5 {[%emt 0:00:01]} 10. O-O {[%emt 0:00:02]} Nxd4 {[%emt 0:00:06]} 11. Bxd4 {[%emt 0:00:02]} a6 {[%emt 0:00:01]} 12. a3 {[%emt 0:00:02]} b5 {[%emt 0:00:05]} 13. b4 {[%emt 0:00:06]} Qc7 {[%emt 0:00:05]} 14. Bb3 {[%emt 0:00:01]} Bb7 {[%emt 0:00:03]} 15. Rac1 {[%emt 0:00:06]} Rac8 {[%emt 0:00:01]} 16. g4 {[%emt 0:00:21]} e5 {[%emt 0:00:11]} 17. Be3 {[%emt 0:00:03]} Qxc3 {[%emt 0:00:03] Halligalli1601 gibt auf (Lag: Av=0.36s, max=1.0s)} 0-1

[Event "448. Wednesday (05.08.2020)"]
[Site "Official B"]
[Date "2020.08.05"]
[Round "6"]
[White "Reingames"]
[Black "Ciberrocker"]
[Result "0-1"]
[WhiteElo "1701"]
[BlackElo "1572"]
[Annotator "NA"]
[PlyCount "130"]
[EventDate "2020.08.05"]
[EventType "swiss (blitz)"]

1. e4 {[%emt 0:00:02]} e5 {[%emt 0:00:02]} 2. Nf3 {[%emt 0:00:00]} Bc5 {[%emt 0:00:03]} 3. Bc4 {[%emt 0:00:01]} d6 {[%emt 0:00:02]} 4. c3 {[%emt 0:00:02]} Bg4 {[%emt 0:00:07]} 5. h3 {[%emt 0:00:02]} Bxf3 {[%emt 0:00:03]} 6. Qxf3 {[%emt 0:00:02]} Nf6 {[%emt 0:00:01]} 7. d3 {[%emt 0:00:01]} a5 {[%emt 0:00:03]} 8. Bg5 {[%emt 0:00:04]} Nbd7 {[%emt 0:00:05]} 9. a3 {[%emt 0:00:04]} O-O {[%emt 0:00:03]} 10. Nd2 {[%emt 0:00:05]} a4 {[%emt 0:00:04]} 11. O-O {[%emt 0:00:13]} c6 {[%emt 0:00:09]} 12. Be3 {[%emt 0:00:03]} Bxe3 {[%emt 0:00:05]} 13. fxe3 {[%emt 0:00:02]} Nc5 {[%emt 0:00:05]} 14. d4 {[%emt 0:00:06]} exd4 {[%emt 0:00:03]} 15. exd4 {[%emt 0:00:04]} Ncd7 {[%emt 0:00:04]} 16. Bd3 {[%emt 0:00:03]} c5 {[%emt 0:00:08]} 17. Bc4 {[%emt 0:00:22]} cxd4 {[%emt 0:00:06]} 18. cxd4 {[%emt 0:00:02]} Nb6 {[%emt 0:00:03]} 19. Bd3 {[%emt 0:00:13]} Qe7 {[%emt 0:00:09]} 20. Rae1 {[%emt 0:00:03]} Rae8 {[%emt 0:00:10]} 21. g4 {[%emt 0:00:10]} Qe6 {[%emt 0:00:10]} 22. e5 {[%emt 0:00:27]} Nfd5 {[%emt 0:00:10]} 23. Nc4 {[%emt 0:00:31]} Qd7 {[%emt 0:00:10]} 24. Bf5 {[%emt 0:00:03]} Qd8 {[%emt 0:00:08]} 25. Nxd6 {[%emt 0:00:03]} Re7 {[%emt 0:00:11]} 26. Be4 {[%emt 0:00:15]} Nc7 {[%emt 0:00:04]} 27. Bxb7 {[%emt 0:00:08]} Ne6 {[%emt 0:00:02]} 28. Be4 {[%emt 0:00:08]} Nxd4 {[%emt 0:00:03]} 29. Bxh7+ {[%emt 0:00:05]} Kxh7 {[%emt 0:00:04]} 30. Qd3+ {[%emt 0:00:03]} Kg8 {[%emt 0:00:04]} 31. Qxd4 {[%emt 0:00:01]} Nc8 {[%emt 0:00:10]} 32. Qf4 {[%emt 0:00:03]} Nxd6 {[%emt 0:00:06]} 33. exd6 {[%emt 0:00:03]} Rxe1 {[%emt 0:00:01]} 34. Rxe1 {[%emt 0:00:04]} f6 {[%emt 0:00:01]} 35. Qxa4 {[%emt 0:00:03]} Qxd6 {[%emt 0:00:04]} 36. Qc4+ {[%emt 0:00:02]} Kh8 {[%emt 0:00:01]} 37. Re2 {[%emt 0:00:01]} Qg3+ {[%emt 0:00:10]} 38. Rg2 {[%emt 0:00:17]} Qe3+ {[%emt 0:00:03]} 39. Kh2 {[%emt 0:00:03]} Qe5+ {[%emt 0:00:06]} 40. Kh1 {[%emt 0:00:01]} Re8 {[%emt 0:00:02]} 41. Qc3 {[%emt 0:00:07]} Qe4 {[%emt 0:00:06]} 42. Kh2 {[%emt 0:00:03]} Rd8 {[%emt 0:00:02]} 43. Qg3 {[%emt 0:00:03]} Rd3 {[%emt 0:00:03]} 44. Qh4+ {[%emt 0:00:02]} Kg8 {[%emt 0:00:01]} 45. Qf2 {[%emt 0:00:04]} Qe5+ {[%emt 0:00:02]} 46. Rg3 {[%emt 0:00:03]} Rxg3 {[%emt 0:00:08]} 47. Qxg3 {[%emt 0:00:01]} Qxb2+ {[%emt 0:00:01]} 48. Kg1 {[%emt 0:00:04]} Qc1+ {[%emt 0:00:03]} 49. Kf2 {[%emt 0:00:02]} Qb2+ {[%emt 0:00:02]} 50. Kg1 {[%emt 0:00:01]} Qe2 {[%emt 0:00:05]} 51. Qb3+ {[%emt 0:00:07]} Kh7 {[%emt 0:00:11]} 52. a4 {[%emt 0:00:00]} Qe1+ {[%emt 0:00:03]} 53. Kg2 {[%emt 0:00:01]} Qe2+ {[%emt 0:00:02]} 54. Kg3 {[%emt 0:00:01]} Qe5+ {[%emt 0:00:03]} 55. Kf3 {[%emt 0:00:01]} Qh2 {[%emt 0:00:05]} 56. Qb1+ {[%emt 0:00:02]} Kh6 {[%emt 0:00:05]} 57. Qf1 {[%emt 0:00:03]} Qe5 {[%emt 0:00:06]} 58. h4 {[%emt 0:00:02]} Qd5+ {[%emt 0:00:03]} 59. Kg3 {[%emt 0:00:01]} Qb3+ {[%emt 0:00:07]} 60. Qf3 {[%emt 0:00:00]} Qxa4 {[%emt 0:00:02]} 61. g5+ {[%emt 0:00:01]} fxg5 {[%emt 0:00:03]} 62. hxg5+ {[%emt 0:00:01]} Kxg5 {[%emt 0:00:03]} 63. Qd5+ {[%emt 0:00:01]} Kh6 {[%emt 0:00:01]} 64. Qd6+ {[%emt 0:00:01]} Kh7 {[%emt 0:00:03]} 65. Qd3+ {[%emt 0:00:03]} Kh8 {[%emt 0:00:02] Zeit (Lag: Av=0.57s, max=1.2s)} 0-1

[Event "448. Wednesday (05.08.2020)"]
[Site "Official B"]
[Date "2020.08.05"]
[Round "6"]
[White "AmberKnight"]
[Black "Schaumi"]
[Result "0-1"]
[WhiteElo "1689"]
[BlackElo "1722"]
[Annotator "NA"]
[PlyCount "54"]
[EventDate "2020.08.05"]
[EventType "swiss (blitz)"]

{Burke, Steve} 1. e4 {[%emt 0:00:02]} c5 {[%emt 0:00:03]} 2. d4 {[%emt 0:00:02]} cxd4 {[%emt 0:00:02]} 3. c3 {[%emt 0:00:01]} dxc3 {[%emt 0:00:00]} 4. Nxc3 {[%emt 0:00:01]} Nc6 {[%emt 0:00:00]} 5. Nf3 {[%emt 0:00:01]} e6 {[%emt 0:00:00]} 6. Bc4 {[%emt 0:00:02]} a6 {[%emt 0:00:00]} 7. O-O {[%emt 0:00:02]} b5 {[%emt 0:00:00]} 8. Bb3 {[%emt 0:00:01]} Bb7 {[%emt 0:00:00]} 9. Qe2 {[%emt 0:00:01]} Na5 {[%emt 0:00:00]} 10. Bc2 {[%emt 0:00:02]} Ne7 {[%emt 0:00:00]} 11. Rd1 {[%emt 0:00:02]} Ng6 {[%emt 0:00:02]} 12. Be3 {[%emt 0:00:22]} Be7 {[%emt 0:00:02]} 13. Rac1 {[%emt 0:00:18]} Nc4 {[%emt 0:00:04]} 14. Bd4 {[%emt 0:00:06]} Nxb2 {[%emt 0:00:04]} 15. Bxg7 {[%emt 0:00:30]} Nxd1 {[%emt 0:00:01]} 16. Rxd1 {[%emt 0:00:05]} Rg8 {[%emt 0:00:02]} 17. Bh6 {[%emt 0:00:12]} Rc8 {[%emt 0:00:05]} 18. Qd2 {[%emt 0:00:40]} Qc7 {[%emt 0:00:08]} 19. Bb1 {[%emt 0:00:14]} d6 {[%emt 0:00:07]} 20. Ne2 {[%emt 0:00:10]} d5 {[%emt 0:00:11]} 21. exd5 {[%emt 0:00:19]} Bxd5 {[%emt 0:00:01]} 22. Ng5 {[%emt 0:00:12]} Qb7 {[%emt 0:00:24]} 23. f3 {[%emt 0:00:09]} Qb6+ {[%emt 0:00:10]} 24. Kh1 {[%emt 0:00:06]} Nh4 {[%emt 0:00:07]} 25. Ng3 {[%emt 0:00:16]} Bxg5 {[%emt 0:00:20]} 26. Bxg5 {[%emt 0:00:02]} Nxf3 {[%emt 0:00:01]} 27. Qb4 {[%emt 0:00:15]} Nxg5 {[%emt 0:00:06] AmberKnight resigns (Lag: Av=0.34s, max=0.4s)} 0-1

[Event "448. Wednesday (05.08.2020)"]
[Site "Official B"]
[Date "2020.08.05"]
[Round "6"]
[White "Watchel"]
[Black "Dagobert52"]
[Result "1-0"]
[WhiteElo "1635"]
[BlackElo "1569"]
[Annotator "NA RC"]
[PlyCount "51"]
[EventDate "2020.08.05"]
[EventType "swiss (blitz)"]

1. c4 {[%emt 0:00:02]} f5 {[%emt 0:00:03]} 2. d4 {[%emt 0:00:02]} Nf6 {[%emt 0:00:01]} 3. g3 {[%emt 0:00:01]} e6 {[%emt 0:00:01]} 4. Bg5 {[%emt 0:00:01]} c6 {[%emt 0:00:02]} 5. Bg2 {[%emt 0:00:02]} Be7 {[%emt 0:00:02]} 6. Nc3 {[%emt 0:00:02]} d5 {[%emt 0:00:01]} 7. Bxf6 {[%emt 0:00:02]} Bxf6 {[%emt 0:00:01]} 8. b3 {[%emt 0:00:05]} O-O {[%emt 0:00:05]} 9. e3 {[%emt 0:00:01]} c5 {[%emt 0:00:04]} 10. dxc5 {[%emt 0:00:06]} Bxc3+ {[%emt 0:00:02]} 11. Kf1 {[%emt 0:00:07]} Bxa1 {[%emt 0:00:02]} 12. Qxa1 {[%emt 0:00:00]} Qf6 {[%emt 0:00:02]} 13. Qc1 {[%emt 0:00:04]} Nc6 {[%emt 0:00:07]} 14. cxd5 {[%emt 0:00:01]} exd5 {[%emt 0:00:02]} 15. Bxd5+ {[%emt 0:00:02]} Kh8 {[%emt 0:00:01]} 16. Ne2 {[%emt 0:00:01]} Be6 {[%emt 0:00:01]} 17. Bf3 {[%emt 0:00:05]} Rad8 {[%emt 0:00:04]} 18. Kg2 {[%emt 0:00:01]} Bd5 {[%emt 0:00:02]} 19. Bxd5 {[%emt 0:00:09]} Rxd5 {[%emt 0:00:02]} 20. Rd1 {[%emt 0:00:02]} Rfd8 {[%emt 0:00:02]} 21. Rxd5 {[%emt 0:00:02]} Rxd5 {[%emt 0:00:01]} 22. Qc4 {[%emt 0:00:02]} Qe6 {[%emt 0:00:08]} 23. Nf4 {[%emt 0:00:01]} Qe4+ {[%emt 0:00:51]} 24. Qxe4 {[%emt 0:00:17]} fxe4 {[%emt 0:00:02]} 25. Nxd5 {[%emt 0:00:01]} Nb4 {[%emt 0:00:08]} 26. Nxb4 {[%emt 0:00:02] Dagobert52 gibt auf (Lag: Av=0.65s, max=0.8s)} 1-0

[Event "448. Wednesday (05.08.2020)"]
[Site "Official B"]
[Date "2020.08.05"]
[Round "6"]
[White "Gaius Bonus"]
[Black "Weissi"]
[Result "1-0"]
[WhiteElo "1598"]
[BlackElo "1444"]
[Annotator "NA"]
[PlyCount "83"]
[EventDate "2020.08.05"]
[EventType "swiss (blitz)"]

1. d4 {[%emt 0:00:01]} e6 {[%emt 0:00:02]} 2. c4 {[%emt 0:00:02]} d5 {[%emt 0:00:01]} 3. e3 {[%emt 0:00:01]} Nf6 {[%emt 0:00:04]} 4. Nc3 {[%emt 0:00:01]} Bb4 {[%emt 0:00:07]} 5. Bd2 {[%emt 0:00:02]} O-O {[%emt 0:00:07]} 6. f4 {[%emt 0:00:00]} Bxc3 {[%emt 0:00:25]} 7. Bxc3 {[%emt 0:00:01]} Ne4 {[%emt 0:00:04]} 8. Bd3 {[%emt 0:00:05]} Qh4+ {[%emt 0:00:09]} 9. g3 {[%emt 0:00:03]} Nxg3 {[%emt 0:00:10]} 10. Nf3 {[%emt 0:00:02]} Qh3 {[%emt 0:00:48]} 11. Ng5 {[%emt 0:00:22]} Qg2 {[%emt 0:00:22]} 12. hxg3 {[%emt 0:00:18]} Qxh1+ {[%emt 0:00:08]} 13. Bf1 {[%emt 0:00:01]} h6 {[%emt 0:00:16]} 14. Nh3 {[%emt 0:00:06]} Qe4 {[%emt 0:00:11]} 15. Qd2 {[%emt 0:00:06]} Nd7 {[%emt 0:00:04]} 16. O-O-O {[%emt 0:00:04]} Nf6 {[%emt 0:00:05]} 17. Bd3 {[%emt 0:00:11]} Qf3 {[%emt 0:00:14]} 18. c5 {[%emt 0:00:29]} Ne4 {[%emt 0:00:10]} 19. Bxe4 {[%emt 0:00:09]} Qxe4 {[%emt 0:00:05]} 20. g4 {[%emt 0:00:05]} e5 {[%emt 0:00:05]} 21. dxe5 {[%emt 0:00:06]} Bxg4 {[%emt 0:00:02]} 22. Nf2 {[%emt 0:00:09]} Qg6 {[%emt 0:00:04]} 23. Rg1 {[%emt 0:00:06]} h5 {[%emt 0:00:10]} 24. Nh3 {[%emt 0:00:10]} Qf5 {[%emt 0:00:06]} 25. Ng5 {[%emt 0:00:02]} Rfd8 {[%emt 0:00:09]} 26. Qd4 {[%emt 0:00:03]} c6 {[%emt 0:00:12]} 27. e6 {[%emt 0:00:04]} f6 {[%emt 0:00:03]} 28. Nf7 {[%emt 0:00:06]} Re8 {[%emt 0:00:05]} 29. Nd6 {[%emt 0:00:02]} Qg6 {[%emt 0:00:07]} 30. Nxe8 {[%emt 0:00:05]} Rxe8 {[%emt 0:00:01]} 31. Qa4 {[%emt 0:00:17]} a6 {[%emt 0:00:03]} 32. Qd4 {[%emt 0:00:04]} Rxe6 {[%emt 0:00:02]} 33. Qb4 {[%emt 0:00:13]} Re4 {[%emt 0:00:02]} 34. Qxb7 {[%emt 0:00:04]} Qe8 {[%emt 0:00:02]} 35. Re1 {[%emt 0:00:08]} Rxe3 {[%emt 0:00:03]} 36. Rxe3 {[%emt 0:00:10]} Qxe3+ {[%emt 0:00:01]} 37. Kc2 {[%emt 0:00:00]} Bf5+ {[%emt 0:00:02]} 38. Kb3 {[%emt 0:00:01]} Qe2 {[%emt 0:00:06]} 39. Qxc6 {[%emt 0:00:09]} Bc2+ {[%emt 0:00:02]} 40. Ka3 {[%emt 0:00:01]} Qc4 {[%emt 0:00:03]} 41. Qe8+ {[%emt 0:00:08]} Kh7 {[%emt 0:00:01]} 42. Qxh5+ {[%emt 0:00:02] Zeit (Lag: Av=0.39s, max=0.7s)} 1-0

[Event "448. Wednesday (05.08.2020)"]
[Site "Official B"]
[Date "2020.08.05"]
[Round "6"]
[White "Sadbat1122"]
[Black "Tobilino"]
[Result "1-0"]
[WhiteElo "1583"]
[BlackElo "1785"]
[Annotator "NA"]
[PlyCount "61"]
[EventDate "2020.08.05"]
[EventType "swiss (blitz)"]

1. e4 {[%emt 0:00:01]} Nf6 {[%emt 0:00:03]} 2. e5 {[%emt 0:00:02]} Nd5 {[%emt 0:00:01]} 3. c4 {[%emt 0:00:02]} Nb6 {[%emt 0:00:02]} 4. d4 {[%emt 0:00:01]} d6 {[%emt 0:00:01]} 5. exd6 {[%emt 0:00:03]} cxd6 {[%emt 0:00:01]} 6. Bd3 {[%emt 0:00:02]} g6 {[%emt 0:00:01]} 7. Ne2 {[%emt 0:00:05]} Bg7 {[%emt 0:00:01]} 8. Be3 {[%emt 0:00:02]} O-O {[%emt 0:00:02]} 9. Nbc3 {[%emt 0:00:02]} Nc6 {[%emt 0:00:06]} 10. d5 {[%emt 0:00:02]} Ne5 {[%emt 0:00:01]} 11. b3 {[%emt 0:00:05]} Nxd3+ {[%emt 0:00:17]} 12. Qxd3 {[%emt 0:00:02]} e5 {[%emt 0:01:02]} 13. dxe6 {[%emt 0:00:06]} Bxe6 {[%emt 0:00:01]} 14. O-O {[%emt 0:00:04]} d5 {[%emt 0:00:34]} 15. Bxb6 {[%emt 0:00:02]} Qxb6 {[%emt 0:00:01]} 16. cxd5 {[%emt 0:00:02]} Rfd8 {[%emt 0:00:11]} 17. Rad1 {[%emt 0:00:07]} Rac8 {[%emt 0:00:02]} 18. d6 {[%emt 0:00:14]} Rc6 {[%emt 0:00:12]} 19. Ne4 {[%emt 0:00:06]} Bf5 {[%emt 0:00:07]} 20. N2g3 {[%emt 0:00:26]} Rc3 {[%emt 0:00:44]} 21. Qd5 {[%emt 0:00:11]} Bxe4 {[%emt 0:00:10]} 22. Nxe4 {[%emt 0:00:04]} Rc2 {[%emt 0:00:01]} 23. a4 {[%emt 0:00:10]} Rb2 {[%emt 0:00:20]} 24. Rd3 {[%emt 0:00:04]} a5 {[%emt 0:00:02]} 25. d7 {[%emt 0:00:06]} Rc2 {[%emt 0:00:06]} 26. Qb5 {[%emt 0:00:13]} Qe6 {[%emt 0:00:20]} 27. Qd5 {[%emt 0:00:09]} Rc7 {[%emt 0:00:23]} 28. Qxe6 {[%emt 0:00:02]} fxe6 {[%emt 0:00:01]} 29. Rfd1 {[%emt 0:00:03]} Kf7 {[%emt 0:00:02]} 30. Rd6 {[%emt 0:00:09]} Ke7 {[%emt 0:00:01]} 31. Ng5 {[%emt 0:00:04] Zeit (Lag: Av=0.99s, max=1.4s)} 1-0

[Event "448. Wednesday (05.08.2020)"]
[Site "Official B"]
[Date "2020.08.05"]
[Round "6"]
[White "möwe"]
[Black "Flaviao"]
[Result "0-1"]
[WhiteElo "1571"]
[BlackElo "1590"]
[Annotator "NA"]
[PlyCount "70"]
[EventDate "2020.08.05"]
[EventType "swiss (blitz)"]

1. e4 {[%emt 0:00:01]} d6 {[%emt 0:00:03]} 2. d4 {[%emt 0:00:01]} c6 {[%emt 0:00:01]} 3. c4 {[%emt 0:00:02]} Qc7 {[%emt 0:00:01]} 4. Nc3 {[%emt 0:00:01]} Nd7 {[%emt 0:00:01]} 5. Nf3 {[%emt 0:00:01]} e5 {[%emt 0:00:02]} 6. dxe5 {[%emt 0:00:06]} Nxe5 {[%emt 0:00:01]} 7. Nxe5 {[%emt 0:00:02]} dxe5 {[%emt 0:00:01]} 8. Be2 {[%emt 0:00:00]} Nf6 {[%emt 0:00:03]} 9. O-O {[%emt 0:00:02]} Be6 {[%emt 0:00:01]} 10. Bg5 {[%emt 0:00:02]} Be7 {[%emt 0:00:02]} 11. Bxf6 {[%emt 0:00:01]} gxf6 {[%emt 0:00:04]} 12. Qd2 {[%emt 0:00:07]} Bc5 {[%emt 0:00:07]} 13. Qh6 {[%emt 0:00:04]} O-O-O {[%emt 0:00:05]} 14. Qxf6 {[%emt 0:00:05]} Bd4 {[%emt 0:00:08]} 15. Rfd1 {[%emt 0:00:10]} Kb8 {[%emt 0:00:03]} 16. Qf3 {[%emt 0:00:18]} Rhg8 {[%emt 0:00:04]} 17. Qh5 {[%emt 0:00:30]} Qb6 {[%emt 0:00:14]} 18. Rf1 {[%emt 0:00:10]} Qxb2 {[%emt 0:00:04]} 19. Na4 {[%emt 0:00:18]} Qa3 {[%emt 0:00:05]} 20. Bd1 {[%emt 0:00:10]} Bxa1 {[%emt 0:00:03]} 21. Bb3 {[%emt 0:00:03]} Bd4 {[%emt 0:00:08]} 22. g3 {[%emt 0:00:18]} Rg7 {[%emt 0:00:18]} 23. Qh4 {[%emt 0:00:17]} Rdg8 {[%emt 0:00:03]} 24. Rd1 {[%emt 0:00:20]} b5 {[%emt 0:00:25]} 25. cxb5 {[%emt 0:00:06]} cxb5 {[%emt 0:00:01]} 26. Bxe6 {[%emt 0:00:20]} fxe6 {[%emt 0:00:04]} 27. Rb1 {[%emt 0:00:06]} Qxa4 {[%emt 0:00:04]} 28. Qf6 {[%emt 0:00:12]} Qc4 {[%emt 0:00:15]} 29. a4 {[%emt 0:00:06]} a6 {[%emt 0:00:05]} 30. axb5 {[%emt 0:00:02]} a5 {[%emt 0:00:02]} 31. Qf3 {[%emt 0:00:17]} Qa2 {[%emt 0:00:09]} 32. Rf1 {[%emt 0:00:19]} Qc4 {[%emt 0:00:09]} 33. b6 {[%emt 0:00:04]} Qc3 {[%emt 0:00:02]} 34. Qe2 {[%emt 0:00:09]} Kb7 {[%emt 0:00:07]} 35. Qb5 {[%emt 0:00:04]} Rf8 {[%emt 0:00:13] Zeit (Lag: Av=0.87s, max=1.3s)} 0-1

[Event "448. Wednesday (05.08.2020)"]
[Site "Official B"]
[Date "2020.08.05"]
[Round "6"]
[White "KDK"]
[Black "Scharmacher"]
[Result "1-0"]
[WhiteElo "1551"]
[BlackElo "1394"]
[Annotator "NA RC"]
[PlyCount "39"]
[EventDate "2020.08.05"]
[EventType "swiss (blitz)"]

1. e4 {[%emt 0:00:01]} e6 {[%emt 0:00:05]} 2. d4 {[%emt 0:00:02]} d5 {[%emt 0:00:01]} 3. exd5 {[%emt 0:00:01]} exd5 {[%emt 0:00:01]} 4. c4 {[%emt 0:00:03]} dxc4 {[%emt 0:00:02]} 5. Bxc4 {[%emt 0:00:04]} Nf6 {[%emt 0:00:01]} 6. Bg5 {[%emt 0:00:03]} Be7 {[%emt 0:00:01]} 7. Nf3 {[%emt 0:00:02]} Nbd7 {[%emt 0:00:01]} 8. O-O {[%emt 0:00:01]} O-O {[%emt 0:00:01]} 9. Re1 {[%emt 0:00:03]} Re8 {[%emt 0:00:02]} 10. Nc3 {[%emt 0:00:02]} a6 {[%emt 0:00:01]} 11. Qc1 {[%emt 0:00:02]} b5 {[%emt 0:00:02]} 12. Bb3 {[%emt 0:00:02]} Bb7 {[%emt 0:00:01]} 13. Qf4 {[%emt 0:00:14]} Rc8 {[%emt 0:00:03]} 14. Rad1 {[%emt 0:00:10]} c5 {[%emt 0:00:06]} 15. dxc5 {[%emt 0:00:14]} Rxc5 {[%emt 0:00:04]} 16. a3 {[%emt 0:00:35]} h6 {[%emt 0:00:03]} 17. Bxh6 {[%emt 0:00:02]} gxh6 {[%emt 0:00:03]} 18. Qxh6 {[%emt 0:00:00]} Rh5 {[%emt 0:00:06]} 19. Qg6+ {[%emt 0:00:10]} Kf8 {[%emt 0:00:03]} 20. Qxf7# {[%emt 0:00:02] (Lag: Av=0.52s, max=0.9s)} 1-0

[Event "448. Wednesday (05.08.2020)"]
[Site "Official B"]
[Date "2020.08.05"]
[Round "6"]
[White "W0rthl33s"]
[Black "Minimaxi0708"]
[Result "1-0"]
[WhiteElo "1499"]
[BlackElo "1505"]
[Annotator "NA"]
[PlyCount "71"]
[EventDate "2020.08.05"]
[EventType "swiss (blitz)"]

1. Nf3 {[%emt 0:00:18]} e6 {[%emt 0:00:00]} 2. d4 {[%emt 0:00:03]} Nf6 {[%emt 0:00:02]} 3. e3 {[%emt 0:00:00]} b6 {[%emt 0:00:03]} 4. c3 {[%emt 0:00:00]} Bb7 {[%emt 0:00:02]} 5. Nbd2 {[%emt 0:00:01]} d5 {[%emt 0:00:02]} 6. g3 {[%emt 0:00:03]} c5 {[%emt 0:00:02]} 7. Bg2 {[%emt 0:00:01]} Nc6 {[%emt 0:00:05]} 8. O-O {[%emt 0:00:01]} cxd4 {[%emt 0:00:02]} 9. exd4 {[%emt 0:00:03]} Be7 {[%emt 0:00:01]} 10. Re1 {[%emt 0:00:01]} O-O {[%emt 0:00:01]} 11. Ne5 {[%emt 0:00:03]} Rc8 {[%emt 0:00:10]} 12. Ndf3 {[%emt 0:00:08]} Qc7 {[%emt 0:00:12]} 13. Bf4 {[%emt 0:00:04]} Bd6 {[%emt 0:00:04]} 14. Qd3 {[%emt 0:00:18]} Nd7 {[%emt 0:00:07]} 15. Ng5 {[%emt 0:00:13]} g6 {[%emt 0:00:18]} 16. Nxd7 {[%emt 0:00:26]} Qxd7 {[%emt 0:00:05]} 17. Bxd6 {[%emt 0:00:03]} Qxd6 {[%emt 0:00:00]} 18. Qe2 {[%emt 0:00:13]} Qe7 {[%emt 0:00:21]} 19. Nf3 {[%emt 0:00:03]} Qf6 {[%emt 0:00:13]} 20. Ne5 {[%emt 0:00:06]} Nxe5 {[%emt 0:00:04]} 21. dxe5 {[%emt 0:00:00]} Qe7 {[%emt 0:00:12]} 22. Rad1 {[%emt 0:00:08]} Qc5 {[%emt 0:00:03]} 23. Rd4 {[%emt 0:00:07]} Bc6 {[%emt 0:00:08]} 24. Qf3 {[%emt 0:00:21]} Qe7 {[%emt 0:00:30]} 25. Qe3 {[%emt 0:00:12]} f6 {[%emt 0:00:08]} 26. f4 {[%emt 0:00:05]} fxe5 {[%emt 0:00:09]} 27. Qxe5 {[%emt 0:00:06]} Bd7 {[%emt 0:00:08]} 28. Rxd5 {[%emt 0:00:04]} Rf5 {[%emt 0:00:11]} 29. Qd6 {[%emt 0:00:08]} Qxd6 {[%emt 0:00:06]} 30. Rxd6 {[%emt 0:00:00]} Rd5 {[%emt 0:00:18]} 31. Bxd5 {[%emt 0:00:03]} exd5 {[%emt 0:00:01]} 32. Rxd7 {[%emt 0:00:02]} Rf8 {[%emt 0:00:04]} 33. Ree7 {[%emt 0:00:03]} h5 {[%emt 0:00:04]} 34. Rg7+ {[%emt 0:00:03]} Kh8 {[%emt 0:00:01]} 35. Rh7+ {[%emt 0:00:01]} Kg8 {[%emt 0:00:02]} 36. Rdg7# {[%emt 0:00:00] (Lag: Av=1.06s, max=1.6s)} 1-0